[Event "NOR-chT Codanserien 2017-18"]
[Site "Oslo"]
[Date "2018.01.12"]
[Round "4"]
[White "Bosiocic, Marin"]
[Black "Tisdall, Jonathan D"]
[Result "1-0"]
[WhiteElo "2628"]
[BlackElo "2403"]
[Annotator "TA"]
[PlyCount "67"]
[EventDate "2018.??.??"]
[EventType "team-tourn"]
[EventCountry "NOR"]
[SourceTitle "playchess.com"]
[Source "ChessBase"]
[SourceQuality "1"]

{[%evp 38,67,47,37,45,24,25,16,15,22,20,7,12,16,26,8,135,112,114,123,357,384,377,345,325,320,320,187,2205,778,1786,1732]} 1. e4 e5 2. Nf3 Nc6 3. Bb5 a6 4. Ba4 Nf6 5. O-O Be7 6. Re1 b5 7. Bb3 d6 8. c3 O-O 9. h3 Na5 10. Bc2 c5 11. d4 Qc7 12. Nbd2 cxd4 13. cxd4 Nc6 14. Nb3 a5 {[%cal Ba6a5,Ba5a4][%mdl 32]} 15. Be3 a4 16. Nbd2 Bd7 17. Rc1 Qb7 18. Nf1 {C99: Closed Ruy Lopez: Chigorin Defence: 11 d4 Qc7 12 Nbd2 cxd4} Rfe8 (18... Rfc8 19. Ng3 Bd8 20. Bb1 Bb6 21. a3 Qa7 22. dxe5 Nxe5 23. Rxc8+ Rxc8 24. Nxe5 dxe5 25. Ba2 Rc6 {1-0 (50) Kokarev,D (2643)-Sjugirov,S (2670) Khanty-Mansiysk 2016}) 19. Ng3 Bd8 20. Qe2 {LiveBook: 28 Games. White is slightly better.} Na5 21. dxe5 dxe5 22. Bd3 $146 ({Predecessor:} 22. b4 Nc4 23. Bc5 Be6 24. Ng5 Nd7 25. Nxe6 Rxe6 {0-1 (45) Molnar,E (2002)-Haring,V (2088) Lubovna 2013}) 22... Nc4 23. Bxc4 bxc4 24. Bc5 ({Don't play} 24. Rxc4 Bb5 $17) 24... Ba5 25. Red1 Bb5 26. Qe3 g6 {[#]} (26... h6 $11 {keeps the balance.}) 27. Qh6 $1 $16 {aiming for Nf5!} Ra6 28. Bd6 $40 {[%mdl 128] White attacks with force.} Bc7 $2 {[#]} (28... Bd8 $16) 29. Nf5 $1 $18 {[%mdl 512]} gxf5 30. Qg5+ Kh8 31. Qxf6+ Kg8 32. exf5 (32. Qg5+ $142 Kh8 33. Qh6 Rxd6 34. Rxd6 Bxd6 35. Ng5 (35. Qxd6 Qe7 $16)) 32... Qb8 $2 (32... Bxd6 33. Rxd6 Rxd6 34. Qxd6 Qc6 35. Qxc6 Bxc6 36. Rxc4 Bxf3) 33. Qg5+ Kh8 34. Nxe5 {Precision: White = 97%, Black = 42%.} 1-0

[Event "NOR-chT Codanserien 2017-18"]
[Site "Oslo"]
[Date "2018.01.12"]
[Round "4"]
[White "Berg, Emanuel"]
[Black "Bern, Ivar"]
[Result "1/2-1/2"]
[WhiteElo "2549"]
[BlackElo "2316"]
[Annotator "TA"]
[PlyCount "49"]
[EventDate "2018.??.??"]
[EventType "team-tourn"]
[EventCountry "NOR"]
[SourceTitle "playchess.com"]
[Source "ChessBase"]
[SourceQuality "1"]

{[%evp 16,49,28,14,23,20,52,25,50,59,47,44,51,52,54,50,46,43,28,48,52,56,52,4,5,4,5,0,0,0,9,0,8,0,5,0]} 1. e4 g6 2. d4 Bg7 3. Nc3 c6 4. Be3 d5 5. Qd2 dxe4 6. Nxe4 Nd7 7. Nf3 Ngf6 8. Nxf6+ Nxf6 9. Bd3 {LiveBook: 8 Games} O-O {B15: Caro-Kann: 3 Nc3: 3...g6 and 3...dxe4 4 Nxe4 Nf6 5 Nxf6+ exf6} (9... Bf5 10. O-O Bxd3 11. Qxd3 O-O 12. Rfe1 Qc7 13. Rad1 Rfe8 14. Qd2 Rad8 15. Bf4 Qb6 16. c3 Qa6 17. a3 {½-½ (29) Moiseenko,A (2640)-Rogers,I (2588) Port Erin 2004}) 10. O-O a5 11. Rfe1 a4 $146 {White has an edge.} ({Predecessor:} 11... Re8 12. c3 a4 13. a3 Be6 14. Bh6 Bb3 15. Bxg7 Kxg7 16. Re2 Ra5 17. Rae1 {½-½ (48) Jugelt,T (2420)-Mortensen,E (2423) Germany 2001}) 12. c4 Re8 13. h3 Qa5 14. b4 axb3 $1 {[#] And now ...Qxd2 would win.} 15. Qxa5 Rxa5 16. axb3 Rxa1 17. Rxa1 Nd7 18. Ra8 e5 19. dxe5 (19. d5 {looks sharper.} cxd5 20. cxd5 Nf6 21. Bc4 Ne4 22. Nd2) 19... Nxe5 {The position is equal.} 20. Nxe5 Bxe5 21. f4 Bc3 22. Kf2 f5 23. Kf3 Kf7 24. Bb6 Be6 25. Rxe8 {Precision: White = 45%, Black = 50%.} 1/2-1/2

[Event "NOR-chT Codanserien 2017-18"]
[Site "Oslo"]
[Date "2018.01.12"]
[Round "4"]
[White "Lie, Kjetil A"]
[Black "Aulin-Jansson, Joran"]
[Result "0-1"]
[WhiteElo "2537"]
[BlackElo "2273"]
[Annotator "TA"]
[PlyCount "188"]
[EventDate "2018.??.??"]
[EventType "team-tourn"]
[EventCountry "NOR"]
[SourceTitle "playchess.com"]
[Source "ChessBase"]
[SourceQuality "1"]

{[%evp 19,188,-26,-25,-29,-9,-32,-25,-25,-25,-20,-25,-80,-56,-70,-74,-150,-175,-168,-148,-261,-287,-287,-179,-173,-109,-202,-197,-175,-154,-255,-274,-523,-522,-510,-508,-488,-165,-441,-159,-493,-485,-381,-203,-203,-220,-233,-118,-149,-118,-193,-197,-191,-191,-191,-196,-177,-107,-105,-106,-110,-100,-87,-37,-43,-28,-148,-160,-147,-131,-131,-129,-106,-89,-175,-20,-20,-22,-39,-54,-109,-52,-355,-327,-538,-589,-679,-672,-725,-704,-694,-302,-299,-287,-483,-468,-711,-707,-706,-704,-686,-672,-662,-659,-614,-603,-767,-728,-658,-554,-606,-606,-479,-606,-596,-588,-479,-386,-403,-403,-379,-231,-235,-242,-235,-237,-270,-160,-160,-213,-228,-218,-232,-187,-184,-172,-619,-592,-592,-584,-584,-568,-1666,-1691,-5057,-1635,-5057,-5057,-5057,-5057,-5066,-5066,-29955,-29960,-29961,-29963,-29942,-29937,-5890,-5182,-5178,-9637,-5182,-5145,-5182,-5178,-5167,-5153,-5145,-5138,-5131,-5124]} 1. g3 e5 2. d3 f5 3. Bg2 Nf6 4. Nf3 Nc6 5. O-O g6 6. c4 Bg7 7. Nc3 d6 8. Bg5 h6 9. Bxf6 Qxf6 10. Nd2 {A26: English Opening vs King's Indian with ...Nc6 and d3} (10. Ne1 O-O 11. Nd5 Qf7 12. b4 Nd4 13. Nc3 Kh7 14. Rb1 Rb8 15. b5 Bd7 16. Nc2 Ne6 17. Qd2 h5 {½-½ (55) Praggnanandhaa,R (2455)-Pavlovic,M (2512) Moscow 2017}) 10... O-O {LiveBook: 3 Games} 11. Rc1 g5 12. c5 $146 {The position is equal.} ({Predecessor:} 12. Nd5 Qf7 13. b4 Nd4 14. b5 c6 15. bxc6 bxc6 16. e3 cxd5 17. Bxd5 Be6 18. Bxa8 Rxa8 19. exd4 exd4 {1-0 (25) Titz,H (2168)-Waldmann,G (2166) Austria 2012}) 12... dxc5 13. Nb5 Qe7 14. Bxc6 bxc6 15. Na3 (15. Nc3 $11 {keeps the balance.}) 15... Rb8 16. Nac4 e4 17. Qa4 ({Better is} 17. Re1) 17... exd3 $1 $17 18. exd3 f4 $1 19. Qxa7 (19. Rfe1 $17 Qf7 20. Ne4) 19... Bh3 $19 20. Rfe1 Qf7 21. Qxc5 Rb5 (21... Bxb2 22. Re7 $11) (21... Qd5 $1 $19 {[%cal Rd5g2]} 22. Qxd5+ (22. Ne4 $2 Bd4 $19) 22... cxd5) 22. Qxc6 (22. Qe7 $17 {was worth a try.}) 22... fxg3 $40 {[%mdl 128] Black is out for blood.} 23. fxg3 Rf5 {[%cal Bb5f5,Bf5f2,Bf2g2][%mdl 32]} 24. Qe4 (24. Ne3 $17 Bd4 25. Qc4 (25. Kh1 Bxe3 26. Qxh6 Bg2+ 27. Kxg2 Rf2+ 28. Kh1 Rxd2 29. Qg7+ Kxg7 30. Rxc7 Qxc7 31. Rg1 Qc6+ 32. Rg2 Qxg2#)) 24... Rf2 25. Rcd1 $2 (25. Qe3 {was the only defense.} Rg2+ 26. Kh1) 25... Rg2+ 26. Qxg2 Bd4+ (26... Bxg2 27. Kxg2 Qf2+ 28. Kh1 $17) 27. Kh1 Bxg2+ 28. Kxg2 Qd5+ $2 (28... Qh5 $19 {and Black stays clearly on top. ( -> ...Rf2+)} 29. Rf1 Qe2+ 30. Kh1 Rf2 31. Rxf2 Bxf2) 29. Re4 $2 (29. Ne4 $17) 29... Rf2+ 30. Kh1 Qf5 (30... g4 $142 31. h4 gxh3) 31. g4 (31. Rxd4 Qh3 32. Rd8+ Kg7 33. Rd7+ Kf8 34. Rd8+ Ke7 35. Re8+ Kxe8 36. Re1+ Kd8 37. Re8+ Kxe8 38. Nd6+ cxd6 39. Kg1 Qxh2#) 31... Qd5 32. Rf1 Qf7 (32... Rxf1+ $19 33. Nxf1 Bc5) 33. Rfe1 $17 Qd7 $1 34. Rf1 (34. Re8+ $17 {was necessary.} Kf7 35. R8e4) 34... Rxf1+ $19 35. Nxf1 Qf7 {[%cal Rf7f1]} 36. Nfe3 Qf3+ 37. Kg1 Qd1+ (37... c5 $1 $19 38. b4 Kf8 39. bxc5 Bxc5) 38. Kf2 $17 Qxd3 39. Kf3 c5 {[%mdl 1024] Black has strong compensation.} 40. Re6 Bg7 41. Rd6 Qb1 42. Rd8+ (42. a4 $1 $11) 42... Kh7 43. a4 Qh1+ 44. Ke2 Qxh2+ 45. Kd3 h5 46. Rd7 (46. Rd5 $17) 46... Kg8 $2 ({Black should play} 46... hxg4 $19 47. Nf5 Kg6 48. Rxg7+ (48. Nxg7 Qg3+ 49. Ne3 c4+ 50. Ke4 Qf4+ 51. Kd5 Qxe3 $19) 48... Kxf5 49. Ne3+ Ke6 50. Rg6+ Kf7 51. Rxg5 g3 52. Rxc5 g2 53. Nxg2 Qxg2) 47. a5 $11 Qb8 {Threatens to win with ...h4.} 48. a6 Qc8 49. Rd6 h4 ({Black should try} 49... hxg4 $17 {White must now prevent ...Kh7.} 50. a7 g3) 50. Nf5 $2 {[%mdl 8192]} (50. a7 $15 h3 51. Nf1) 50... Bf8 $1 $19 {[%cal Rf8d6]} 51. Rg6+ $2 (51. Rb6 h3 52. a7 Qd7+ 53. Ke3 Qxa7 54. Rg6+ Kh7 55. Rxg5) 51... Kh7 52. Rb6 h3 53. Rb7+ Kh8 54. Ncd6 Bxd6 (54... Qd8 55. a7 $11) (54... Qa8 $142 55. a7 h2 56. Nf7+ Kh7 57. Nxg5+ Kg6) 55. Nxd6 {[%mdl 4096] Endgame [#] KQ-KRN} Qc6 $1 {[%cal Rc6a6]} ({Stronger than} 55... Qd8 56. a7 $11) 56. a7 $2 {[#]} (56. Rb8+ Kg7 57. a7 Qa6+ 58. Nb5 (58. Ke3 $2 Qxa7 59. Rb7+ Qxb7 $19)) 56... Qa6+ $1 ({Weaker is} 56... Qxd6+ 57. Kc2 $11) 57. Kc3 (57. Ke3 $142 h2 58. Rb8+ Kh7 59. a8=Q Qxa8 60. Rxa8) 57... h2 58. Rb8+ Kh7 59. a8=Q Qxa8 60. Rxa8 h1=Q {KQ-KRN} 61. Ra7+ Kg6 62. Nf7 Qc1+ 63. Kb3 Qd1+ 64. Ka2 {White hopes to continue with Ne5+.} Kf6 65. Nh6 Qd5+ 66. Ka1 Ke5 67. Re7+ Kd6 68. Re1 c4 69. Nf5+ Kc5 70. Rg1 {[#]} c3 $1 {[%mdl 512]} 71. bxc3 Qd2 72. Rg3 Kc4 (72... Kb5 $19 73. Kb1 Ka4) 73. Kb1 $17 Kd5 74. Ne3+ Ke4 75. Nf5 Kf4 76. Ka1 Qc2 {...Qb3 is the strong threat.} 77. c4 $2 (77. Rf3+ Ke4 78. Re3+ Kf4 79. Rf3+ Ke4 80. Re3+ Kf4 81. Rf3+) 77... Qxc4 {aiming for ...Qf1+.} 78. Kb2 Qe2+ 79. Kb3 Qf2 {And now ...Qxg3+ would win.} 80. Rc3 Kxg4 81. Ne3+ Kf4 82. Nd5+ Ke4 83. Nb4 g4 {[%cal Bg5g4,Bg4g3,Bg3g2][%mdl 32]} 84. Rc4+ Kf5 85. Nd3 Qe3 86. Kc2 g3 87. Rc8 Qe2+ 88. Kc3 g2 {Black is clearly winning.} 89. Rf8+ Kg5 90. Rg8+ Kh6 91. Rg6+ Kh7 92. Rg3 Qf1 93. Rh3+ Kg8 94. Rg3+ Kf8 {Precision: White = 42%, Black = 68%.} 0-1

[Event "NOR-chT Codanserien 2017-18"]
[Site "Oslo"]
[Date "2018.01.12"]
[Round "4"]
[White "Salomon, Johan"]
[Black "Devereaux, Maxim L"]
[Result "1-0"]
[WhiteElo "2476"]
[BlackElo "2370"]
[Annotator "TA"]
[PlyCount "83"]
[EventDate "2018.??.??"]
[EventType "team-tourn"]
[EventCountry "NOR"]
[SourceTitle "playchess.com"]
[Source "ChessBase"]
[SourceQuality "1"]

{[%evp 25,83,41,55,28,41,43,95,104,156,165,179,130,255,170,178,155,433,436,440,366,543,394,409,398,395,388,530,391,494,360,408,352,304,129,103,44,516,128,129,0,479,300,450,358,525,505,628,619,1256,1268,1306,1128,1113,1093,29993,29994,29994,29995,29995,2389]} 1. e4 c5 2. Nf3 g6 3. c4 Bg7 4. d4 cxd4 5. Nxd4 Nc6 6. Be3 Nf6 7. Nc3 Ng4 8. Qxg4 Nxd4 9. Qd1 Ne6 10. Qd2 Qa5 11. Rc1 b6 12. Be2 Bb7 13. f3 g5 14. b3 {B39: Sicilian: Maroczy Bind with 5...Bg7 and 7...Ng4} (14. O-O Be5 15. Rfd1 Rd8 16. a3 Bf4 17. Bxf4 gxf4 18. Nd5 Qxd2 19. Rxd2 h5 20. b4 h4 21. a4 h3 22. g3 fxg3 23. hxg3 {½-½ (49) Sjugirov,S (2664)-Iturrizaga Bonelli,E (2625) Abu Dhabi 2015}) 14... h5 15. h4 {[#]} Nf4 $146 {[#]} (15... gxh4 $14 16. Kf1 (16. Rxh4 Bf6 $14) 16... d6) ({Predecessor:} 15... g4 16. Nd5 Qxd2+ 17. Kxd2 gxf3 18. gxf3 Be5 19. Rhg1 Kf8 20. f4 Bxd5 21. cxd5 Nxf4 {½-½ (70) Slipak,S (2498)-Mohr,G (2509) Pinamar 2002}) 16. Bf1 $1 $16 {White is better.} Be5 (16... f6 $142) 17. hxg5 Ng6 18. Ne2 Qa3 (18... Qxd2+ $16 19. Kxd2 h4) 19. f4 {[%cal Bf3f4,Bf4f5,Bf5f6][%mdl 32]} Bd6 20. Bd4 $36 {[%mdl 2048] Keeping Black busy.} e5 $2 (20... Bb4 $16 21. Bc3 a5) 21. Bb2 $18 Qxa2 22. f5 (22. Qxd6 Qxb2 23. Rd1 O-O-O $11) 22... Ne7 (22... Bb4 {keeps fighting.} 23. Qxb4 Qxb2 24. fxg6 fxg6) 23. Qxd6 Qxb2 24. Rd1 Bc6 25. Rh3 a5 26. Rc3 Rg8 27. f6 {[%csl Gf6][%cal Rd6e7]} Ng6 28. g3 O-O-O 29. Bh3 (29. c5 $18 {and White stays clearly on top.} b5 30. Re3) 29... Kb7 $16 {[#]} 30. Bf5 (30. c5 $1 $16 {[%cal Rc5b6] Hoping for cxb6.} b5 31. Bf5) 30... Nh8 $2 {[%mdl 8192]} (30... Rh8 $1 $14) 31. Rd2 $2 (31. c5 $18 {is the precise move to win. aiming for cxb6.} b5 32. Rcd3 (32. Qxe5 b4 $16)) 31... Qb1+ 32. Rd1 $2 {[%mdl 8192]} (32. Rc1 $16 Qxb3 33. Qxe5) 32... Qb2 $18 33. Qxe5 Qa3 (33... Ng6 $142 34. Qd6 Rge8) 34. Rcd3 Rxg5 (34... Rge8 $142 35. Qf4 Ng6 36. Bxg6 Qb4+ 37. Kf1 fxg6) 35. Qf4 {[%cal Rf5d7]} Qb4+ 36. Kf1 Rgg8 {If only Black now had time for ...Ng6....} 37. Bxd7 Ng6 38. Qf5 {Threatening mate with Bxc6+.} Rxd7 39. Rxd7+ Bxd7 40. Rxd7+ {White mates.} Ka6 41. Qd5 {[%csl Gd7][%cal Rd5b7]} Rb8 42. Qxf7 {Precision: White = 49%, Black = 21%.} (42. Nd4 $142 a4 43. Nc6 Qe1+ 44. Kxe1 b5 45. Nxb8+ Kb6 46. Qxb5#) 1-0

[Event "NOR-chT Codanserien 2017-18"]
[Site "Oslo"]
[Date "2018.01.12"]
[Round "4"]
[White "Gausel, Einar"]
[Black "Stokke, Kjetil"]
[Result "1/2-1/2"]
[WhiteElo "2470"]
[BlackElo "2336"]
[Annotator "TA"]
[PlyCount "99"]
[EventDate "2018.??.??"]
[EventType "team-tourn"]
[EventCountry "NOR"]
[SourceTitle "playchess.com"]
[Source "ChessBase"]
[SourceQuality "1"]

{[%evp 12,99,46,43,81,43,70,52,58,50,50,41,42,41,47,64,55,27,31,18,20,9,54,54,77,81,77,81,91,77,87,50,45,57,49,53,85,85,101,76,83,47,49,6,2,0,52,47,57,0,27,23,26,19,19,15,15,14,36,15,43,41,41,41,36,36,36,8,41,15,90,98,177,177,178,0,0,0,0,0,0,0,0,0,0,0,0,0,0,0]} 1. d4 g6 2. e4 Bg7 3. c4 Nc6 4. Nf3 d6 5. d5 Ne5 6. Nxe5 {A40: Unusual replies to 1 d4} Bxe5 7. Bd3 {LiveBook: 12 Games} c5 (7... Bg7 8. O-O Nf6 9. Nc3 O-O 10. h3 e6 11. Bg5 exd5 12. cxd5 h6 13. Be3 c6 14. dxc6 bxc6 {½-½ (85) Gelfand,B (2738)-Svidler,P (2749) Astana 2012}) 8. Nd2 $146 {White is better.} ({Predecessor:} 8. O-O Nf6 9. Nd2 Bg4 10. f3 Bd7 11. Nb3 Ba4 12. f4 Bd4+ 13. Kh1 Qb6 {1-0 (30) Dudukin,I (2291)-Gavrilov,N (2375) Bor 2000}) 8... e6 9. O-O Ne7 10. a4 O-O 11. Ra3 Bg7 12. h3 e5 13. a5 f5 14. Bc2 Bh6 15. Nf3 Bxc1 16. Qxc1 Kg7 17. Qd2 h6 18. b4 Qc7 19. Rb1 Rb8 20. bxc5 Qxc5 21. Qb4 (21. Qe3 {with more complications.} Qxe3 22. Rxe3 fxe4 23. Bxe4 Nf5 24. Reb3) 21... Qxb4 22. Rxb4 fxe4 23. Bxe4 Bf5 24. Nd2 Ng8 25. Bxf5 gxf5 26. Rab3 Rf7 27. f4 exf4 28. Nf3 {Black should prevent Nd4.} Kf6 (28... Nf6 $11) 29. Nd4 $14 Rc8 30. Ne6 (30. Nb5 $14 Rd7 31. Rb1 (31. Nxa7 Ra8 $11)) 30... Ne7 31. Nxf4 {And now Re3 would win.} Ng6 32. Nxg6 Kxg6 33. Rxb7 Rxc4 $11 {[%mdl 4096] Endgame KRR-KRR} 34. a6 Rc5 35. R3b5 Rxb5 36. Rxb5 {KR-KR} Rc7 37. Rb7 Rc5 38. Rxa7 {[#] Ra8 is the strong threat.} Rxd5 39. Rd7 {Strongly threatening Kf2.} Kg5 40. Kf2 {Black must now prevent a7.} h5 (40... Ra5 $11 {keeps the balance.}) 41. Ke3 $16 h4 (41... Ra5 $16 {is a better defense.}) 42. Rd8 Ra5 {[#]} 43. Rxd6 $2 ({White must play} 43. Ra8 $1 $18) 43... Ra2 $11 {The position is equal.} 44. Kf3 Ra3+ 45. Kf2 Ra2+ 46. Kg1 Ra1+ 47. Kh2 Ra2 48. Rb6 Ra1 49. Re6 Kh5 50. Rb6 {Precision: White = 53%, Black = 53%.} 1/2-1/2

[Event "NOR-chT Codanserien 2017-18"]
[Site "Oslo"]
[Date "2018.01.12"]
[Round "4"]
[White "Lie, Espen"]
[Black "Fossan, Erik"]
[Result "1/2-1/2"]
[WhiteElo "2467"]
[BlackElo "2345"]
[Annotator "TA"]
[PlyCount "77"]
[EventDate "2018.??.??"]
[EventType "team-tourn"]
[EventCountry "NOR"]
[SourceTitle "playchess.com"]
[Source "ChessBase"]
[SourceQuality "1"]

{[%evp 14,77,4,-2,22,12,9,-2,14,20,17,-14,0,0,0,0,-17,-13,29,36,37,35,40,18,43,0,0,0,16,0,15,19,23,24,23,28,11,0,0,-8,-8,-11,0,0,0,-16,-16,-14,0,0,0,0,0,0,0,0,0,0,0,0,0,0,0,-5,0,0]} 1. Nf3 c5 2. g3 g6 3. Bg2 Bg7 4. O-O Nc6 5. d3 Nf6 6. Nc3 O-O 7. a3 d6 {A05: Übergänge in verschiedene Eröffnungen} (7... Rb8 8. Rb1 b6 9. b4 d6 10. Bg5 Bb7 11. Qd2 Rc8 12. bxc5 dxc5 13. Bxf6 exf6 14. Ne4 Qe7 15. c4 {1-0 (55) Zhao,J (2604)-Kokarev,D (2615) Riadh 2017}) (7... Rb8 8. e4 d6 9. h3 b5 10. Re1 Nd7 11. Nd5 a5 12. c3 b4 13. axb4 axb4 14. d4 bxc3 15. bxc3 cxd4 16. cxd4 {1-0 (29) Lie,E (2462)-Fossan,E (2347) Stavanger 2017}) 8. Rb1 {LiveBook: 8 Partien} Nd7 9. Bd2 b6 $146 ({Vorgänger:} 9... Rb8 10. b4 cxb4 11. axb4 b5 12. e3 a6 13. Ne2 Bb7 14. Ned4 Nxd4 15. Nxd4 {0-1 (51) Kabanov,N (2355)-Vajda,A (2400) Eforie Nord 1998}) 10. b4 {Mit der Idee b5.} Rb8 11. b5 Nd4 12. Nh4 Bb7 13. Bxb7 Rxb7 14. e3 Ne6 15. f4 {[%cal Bf2f4,Bf4f5][%mdl 32]} Nf6 16. f5 Nc7 17. e4 Nd7 18. Qe2 Ne5 19. Nd5 Nxd5 20. exd5 Qa8 21. Nf3 a6 22. Nxe5 Bxe5 23. Bh6 Bg7 24. Bxg7 (24. Bc1 {keeps more tension.} axb5 25. Rxb5 Bc3 26. Kg2 Qa4 27. Rb3) 24... Kxg7 25. Qf3 {Die Stellung ist ausgeglichen.} axb5 26. f6+ Kg8 27. Rxb5 exf6 28. Qxf6 Rd7 29. Qf3 Qxa3 30. Rxb6 Qc3 31. Rf2 Qd4 32. Kg2 Kg7 33. Rb3 Re8 34. c3 Qe5 35. Rb6 Ree7 36. c4 h5 37. Rbb2 Qd4 38. Rbe2 Rxe2 39. Rxe2 {Precision: Weiß = 53%, Schwarz = 55%.} 1/2-1/2

[Event "NOR-chT Codanserien 2017-18"]
[Site "Oslo"]
[Date "2018.01.12"]
[Round "4"]
[White "Holm, Kristian Stuvik"]
[Black "Diesen, Bruce"]
[Result "1-0"]
[WhiteElo "2436"]
[BlackElo "2170"]
[Annotator "TA"]
[PlyCount "77"]
[EventDate "2018.??.??"]
[EventType "team-tourn"]
[EventCountry "NOR"]
[SourceTitle "playchess.com"]
[Source "ChessBase"]
[SourceQuality "1"]

{[%evp 18,77,29,22,24,35,28,28,29,25,31,31,46,38,42,30,60,59,101,116,110,58,116,94,124,126,128,121,205,187,187,188,177,137,129,83,175,187,186,183,205,196,197,187,229,237,216,190,460,457,450,440,441,406,533,525,546,533,1022,1012,29980,29981]} 1. d4 Nf6 2. c4 e6 3. Nf3 b6 4. g3 Bb7 5. Bg2 Be7 6. O-O O-O 7. Re1 Na6 8. a3 {E17: Queen's Indian: 4 g3 Bb7 5 Bg2 Be7} (8. Ne5 Bxg2 9. Kxg2 c5 10. d5 Qc7 11. Nf3 Ne4 12. a3 f5 13. Qd3 Qb7 14. Nbd2 Nxd2 15. Bxd2 Bf6 {0-1 (38) Mamedyarov,S (2799)-Korobov,A (2652) Huaian 2017}) 8... c5 9. d5 exd5 10. Nh4 $1 {[%cal Rc4d5] LiveBook: 3 Games. White has an edge.} Ne4 {...f5 is the strong threat.} 11. cxd5 Bxh4 12. Bxe4 Bf6 13. Nc3 d6 14. Qc2 g6 {[#]} 15. Bg2 $146 ({Predecessor:} 15. Bh6 Re8 {1-0 (46) Ladva,O (2530)-Neiksans,A (2581) Liepaja 2017}) 15... Nc7 16. e4 b5 17. Bf4 {Black must now prevent e5.} b4 18. axb4 cxb4 19. Ne2 ({White should play} 19. Na4 $16) 19... Re8 (19... a5 $14) 20. Qd2 $16 a5 21. Nd4 Be5 22. Rec1 Na6 (22... Bxf4 $16 23. Qxf4 (23. gxf4 Na6 $16) 23... Re5) 23. Bxe5 $18 Rxe5 24. Nb3 $1 Nb8 25. Qc2 {And now Qc7 would win.} Re7 26. Qc4 Qb6 (26... a4 $16 {might work better.}) 27. Qd4 $36 {[%mdl 2048] Black is under strong pressure.} Qxd4 28. Nxd4 Kf8 29. Nb5 Ra6 30. f4 $1 f6 31. Rc4 Nd7 {[#]} 32. Nc7 $1 {[%cal Rc7a6]} Nc5 $2 (32... Ra7 33. Ne6+ Ke8 34. Rxb4 f5 35. exf5 axb4 36. Rxa7 Nf6 37. fxg6 hxg6) 33. Nxa6 Bxa6 {[#]} 34. Rxc5 $1 {[%mdl 512]} dxc5 35. Rxa5 {KRB-KRB} Bd3 36. Rxc5 Bxe4 37. d6 {[%cal Bd5d6,Bd6d7][%mdl 32]} Re6 38. Rc8+ Re8 39. d7 {Precision: White = 76%, Black = 28%.} 1-0

[Event "NOR-chT Codanserien 2017-18"]
[Site "Oslo"]
[Date "2018.01.12"]
[Round "4"]
[White "Hansen, Torbjorn Ringdal"]
[Black "Flermoen, Peter"]
[Result "0-1"]
[WhiteElo "2410"]
[BlackElo "2259"]
[Annotator "TA"]
[PlyCount "68"]
[EventDate "2018.??.??"]
[EventType "team-tourn"]
[EventCountry "NOR"]
[SourceTitle "playchess.com"]
[Source "ChessBase"]
[SourceQuality "1"]

{[%evp 17,68,7,47,31,45,42,54,54,60,60,59,43,49,36,46,34,42,40,55,85,83,29,47,0,0,-25,-19,-23,25,0,677,660,559,-88,-96,-81,-61,-77,-106,-95,-64,-108,-93,-102,-54,-48,-50,-57,-61,-56,-49,-82,-86]} 1. e4 e5 2. Nf3 Nc6 3. Bb5 Nf6 4. d3 d6 5. c3 a6 6. Ba4 Be7 7. Nbd2 {[%cal Bb1d2,Bd2e4,Be4g3][%mdl 32]} O-O 8. O-O b5 9. Bb3 d5 {LiveBook: 4 Games. C77: Ruy Lopez: 3...a6 4 Ba4 Nf6, unusual lines} (9... h6 10. Re1 Re8 11. Nf1 Bf8 12. a4 Be6 13. Bxe6 Rxe6 14. Ne3 Ne7 15. h3 c6 16. Ng4 Nd7 17. d4 Ng6 18. axb5 axb5 19. Rxa8 Qxa8 20. dxe5 Ndxe5 {0-1 (55) Karthikeyan,M (2578)-Inarkiev,E (2723) Moscow 2017}) 10. a4 Bb7 11. exd5 $146 ({Predecessor:} 11. Re1 dxe4 12. dxe4 Bd6 13. Qe2 b4 14. Nc4 Qe7 15. Bg5 bxc3 16. bxc3 Nd8 {½-½ (77) Mortensen,E (2445)-Ernst,T (2540) Halmstad 1993}) 11... Nxd5 {White is slightly better.} 12. Ne4 Qd7 13. Re1 Kh8 14. Ng3 f6 15. Bd2 Rad8 16. axb5 axb5 17. Bc2 Ra8 18. Rxa8 Bxa8 19. Nh4 ({Better is} 19. d4 $16) 19... g6 $11 20. Bh6 Rg8 21. d4 exd4 22. cxd4 Ndb4 23. Bb3 {Hoping for Be6.} Rd8 $2 {[%mdl 8192]} (23... Nd5 $11) 24. Be6 $18 Qe8 {[#]} 25. d5 $2 ({White has to play} 25. Qg4 $1 $18 Bf8 {[#]} 26. Ngf5 $1 {[%mdl 512]} Bxh6 27. Nxh6 Rxd4 28. Nf7+ Qxf7 29. Qxd4 Nxd4 30. Bxf7) 25... Ne5 $17 {[%cal Rb4d5]} 26. Nf3 Bxd5 27. Nxe5 {Nf7+ is the strong threat.} Bxe6 28. Qe2 Nd5 29. Nf3 Bf7 30. Nd4 Rb8 31. Qg4 {Threatens to win with Ndf5!} Qc8 32. Qxc8+ Rxc8 33. Nxb5 Kg8 34. h4 f5 {Precision: White = 60%, Black = 55%.} 0-1